Geography Quiz

Random Geography or Asia Quiz

-Stan Country Borders Quiz Stats

Quiz Updated Dec 5, 2014

Challenge
Share
Tweet
Embed
Score 0/32 Timer 01:00
16 Plays Today
Hint Answer % Correct
AfghanistanPakistan
91.7%
KazakhstanRussia
89.6%
PakistanIndia
88.2%
KyrgyzstanKazakhstan
87.9%
UzbekistanKazakhstan
87.9%
KazakhstanTurkmenistan
86.9%
AfghanistanTurkmenistan
86.9%
UzbekistanTurkmenistan
86.9%
TurkmenistanKazakhstan
86.9%
AfghanistanTajikistan
86.5%
KyrgyzstanTajikistan
86.5%
UzbekistanTajikistan
86.5%
AfghanistanChina
86.4%
KazakhstanChina
86.4%
KyrgyzstanChina
86.4%
PakistanChina
86.4%
Hint Answer % Correct
TajikistanChina
86.4%
AfghanistanIran
85.3%
PakistanIran
85.3%
TurkmenistanIran
85.3%
PakistanAfghanistan
84.8%
KazakhstanKyrgyzstan
84.8%
TajikistanAfghanistan
84.8%
TajikistanKyrgyzstan
84.8%
TurkmenistanAfghanistan
84.8%
UzbekistanAfghanistan
84.8%
UzbekistanKyrgyzstan
84.8%
KazakhstanUzbekistan
83.7%
AfghanistanUzbekistan
83.7%
KyrgyzstanUzbekistan
83.7%
TajikistanUzbekistan
83.7%
TurkmenistanUzbekistan
83.7%

You're not logged in!

Compare scores with friends on all Sporcle quizzes.
Join for Free
OR
Log In

You Might Also Like...

Show Comments

Extras

Top Quizzes Today


Score Distribution

Your Account Isn't Verified!

In order to create a playlist on Sporcle, you need to verify the email address you used during registration. Go to your Sporcle Settings to finish the process.

Report this User

Report this user for behavior that violates our Community Guidelines.

Details: